000 00767nam a22002417a 4500
005 20170124110215.0
010 _aA-285407
020 _c150.00
035 _aA-285407
037 _bCen Lib/Ret
040 _aDPL
_bEN
082 _a020
_bDIM
245 _aDimensions in library and information science /
_cedited by G. D. Bhargava [and] A. Tejomurty
260 _aIndore
_bAnamika Publications
_c1986
270 _a1/33, L.I.G. Colony
_bIndore
_e452008
300 _a191p.
_c21cm(Hb)
500 _aIncludes bibliographical reference
650 _aUnited States
_9105394
650 _aLibrary science--Vocational guidance
_937072
700 _aBhargava, G. D.
_9105395
700 _aTejomurty, A.
_9105396
942 _2ddc
_cEN
_h020
_mDIM
999 _c133778
_d133778